[Event "FIDE World Bl Team Pool C"]
[Site "London ENG"]
[Date "2025.06.14"]
[Round "4.1"]
[White "Kogan, Arthur"]
[Black "D'Costa, Lorin"]
[Result "0-1"]
[WhiteTitle "GM"]
[BlackTitle "IM"]
[WhiteElo "2475"]
[BlackElo "2370"]
[WhiteTeam "OlalaStars"]
[BlackTeam "Chess Rising Stars"]
[WhiteFideId "2800802"]
[BlackFideId "409219"]
[EventDate "2025.06.14"]
[EventType "team"]

1. d4 Nf6 2. Nf3 e6 3. Bg5 c5 4. e3 cxd4 5. exd4 Be7 6. Nbd2 b6 7. Bd3 Bb7 8. c3
d6 9. O-O Nbd7 10. Re1 a6 11. a4 O-O 12. Qe2 Re8 13. Nc4 Qc7 14. h4 Bf8 15. Nh2
e5 16. dxe5 dxe5 17. Bf5 g6 18. Bxd7 Nxd7 19. Ng4 Qc6 20. Nce3 f6 21. Rad1 Bg7
22. Bh6 Rad8 23. Nd5 Bxh6 24. Nxh6+ Kg7 25. Ng4 f5 26. Nge3 Nf6 27. c4 f4 28.
Ng4 0-1

[Event "FIDE World Bl Team Pool C"]
[Site "London ENG"]
[Date "2025.06.14"]
[Round "4.2"]
[White "Wu, Li"]
[Black "Krivenko, Dion"]
[Result "1-0"]
[WhiteTitle "FM"]
[BlackTitle "FM"]
[WhiteElo "2278"]
[BlackElo "2243"]
[WhiteTeam "Chess Rising Stars"]
[BlackTeam "OlalaStars"]
[WhiteFideId "411086"]
[BlackFideId "4508378"]
[EventDate "2025.06.14"]
[EventType "team"]

1. c4 Nf6 2. Nc3 g6 3. e4 d6 4. d4 Bg7 5. Nf3 O-O 6. Bd3 c5 7. d5 a6 8. a4 e6 9.
O-O exd5 10. exd5 Re8 11. h3 Nbd7 12. Bf4 Qc7 13. Re1 b6 14. g4 Bb7 15. Qd2 h5
16. g5 Nh7 17. Rxe8+ Rxe8 18. Re1 Ne5 19. Nxe5 dxe5 20. Bg3 Qd7 21. h4 Bc8 22.
b3 Qg4 23. Be4 f5 24. gxf6 Nxf6 25. Bg2 Qd4 26. Qxd4 exd4 27. Rxe8+ Nxe8 28. Ne4
Bf5 29. Kf1 Kf8 30. Ke2 Ke7 31. Bf4 Kd7 32. Kd2 Nf6 33. f3 Nxe4+ 34. fxe4 Bg4
35. e5 Bf5 36. Bf1 Bf8 37. Bd3 Be7 38. Bxf5+ gxf5 39. e6+ Kd8 40. Bg5 f4 41. d6
Bxg5 42. hxg5 f3 43. g6 f2 44. Ke2 d3+ 45. Kxf2 d2 46. Ke2 1-0

[Event "FIDE World Bl Team Pool C"]
[Site "London ENG"]
[Date "2025.06.14"]
[Round "4.3"]
[White "Sason, Noam"]
[Black "Cumming, Rhys"]
[Result "1-0"]
[BlackTitle "FM"]
[WhiteElo "2153"]
[BlackElo "2285"]
[WhiteTeam "OlalaStars"]
[BlackTeam "Chess Rising Stars"]
[WhiteFideId "371282346"]
[BlackFideId "470163"]
[EventDate "2025.06.14"]
[EventType "team"]

1. Nf3 Nf6 2. g3 g6 3. Bg2 Bg7 4. O-O d5 5. d3 O-O 6. Nbd2 a5 7. e4 a4 8. e5 Ne8
9. Re1 c5 10. c4 e6 11. cxd5 exd5 12. d4 b6 13. dxc5 bxc5 14. Nf1 Nc7 15. Bg5
Qe8 16. Ne3 Be6 17. Qc2 Nd7 18. Rad1 a3 19. bxa3 Rxa3 20. Qb2 Qa8 21. Be7 Rb8
22. Qc1 Rxa2 23. Bxc5 Rbb2 24. Bd6 Nb5 25. Rf1 Nxd6 26. exd6 Qb8 27. Nxd5 Bxd5
28. Rxd5 h6 29. Qc7 Nf6 30. Rd3 Bf8 31. Ne5 Qxc7 32. dxc7 Rc2 33. Bc6 Rxc6 34.
Nxc6 Ra8 35. Nb8 1-0

[Event "FIDE World Bl Team Pool C"]
[Site "London ENG"]
[Date "2025.06.14"]
[Round "4.4"]
[White "Navrotescu, Andreea"]
[Black "Blokhin, Sofia"]
[Result "1/2-1/2"]
[WhiteTitle "WGM"]
[BlackTitle "WFM"]
[WhiteElo "2333"]
[BlackElo "2057"]
[WhiteTeam "Chess Rising Stars"]
[BlackTeam "OlalaStars"]
[WhiteFideId "675946"]
[BlackFideId "4508190"]
[EventDate "2025.06.14"]
[EventType "team"]

1. d4 f5 2. c4 Nf6 3. Nc3 g6 4. h4 Bg7 5. h5 Nxh5 6. e4 Nf6 7. exf5 gxf5 8. Bd3
d6 9. Qf3 Nc6 10. Nge2 e6 11. Qg3 Qe7 12. Bg5 Bd7 13. d5 Ne5 14. dxe6 Qxe6 15.
O-O-O O-O-O 16. Nd4 Nxd3+ 17. Qxd3 Qf7 18. Nxf5 Bxf5 19. Qxf5+ Kb8 20. Nd5 Rhf8
21. Bxf6 Bxf6 22. Qxh7 Bg5+ 23. Kb1 Qxh7+ 24. Rxh7 c6 25. Nc3 Rxf2 26. Ne4 Rxg2
27. Rg7 Re8 28. Rxg5 Rh2 29. Nxd6 Ree2 30. Rg8+ Kc7 31. Rg7+ Kb8 32. Rxb7+ Ka8
33. Rg1 Rh8 34. Rb3 Rd2 35. c5 a5 36. a3 a4 37. Rc3 Rhh2 38. Nc4 Rde2 39. Rg7
Rh1+ 40. Ka2 Ree1 41. Nb6+ Kb8 42. Nxa4 Ka8 43. Rf3 Ra1+ 44. Kb3 Rh8 45. Nb6+
Kb8 46. Rff7 Rxa3+ 47. bxa3 Rh3+ 48. Kc2 Rc3+ 49. Kd2 Rd3+ 50. Ke2 Re3+ 51. Kf2
Rf3+ 52. Ke2 Re3+ 53. Kd2 Rd3+ 54. Kc2 Rc3+ 55. Kb2 Rb3+ 56. Ka2 Rxa3+ 57. Kb2
Rb3+ 58. Kc1 Rc3+ 59. Kd2 Rd3+ 60. Kxd3 1/2-1/2

[Event "FIDE World Bl Team Pool C"]
[Site "London ENG"]
[Date "2025.06.14"]
[Round "4.5"]
[White "Agafonov, Yuri Dr"]
[Black "Tsaknakis, Zisis"]
[Result "1-0"]
[BlackTitle "FM"]
[WhiteElo "2096"]
[BlackElo "2333"]
[WhiteTeam "OlalaStars"]
[BlackTeam "Chess Rising Stars"]
[WhiteFideId "11602104"]
[BlackFideId "4259963"]
[EventDate "2025.06.14"]
[EventType "team"]

1. b4 e5 2. Bb2 Bxb4 3. Bxe5 Nf6 4. Nf3 O-O 5. e3 d5 6. Bb2 Be7 7. Be2 c5 8. O-O
Nc6 9. d3 d4 10. e4 Bd6 11. Re1 Rb8 12. Nbd2 b5 13. Nf1 Nd7 14. Ng3 g6 15. Bc1
Nde5 16. Nxe5 Bxe5 17. a4 a6 18. axb5 axb5 19. f4 Bg7 20. Bf3 c4 21. e5 Ne7 22.
Ne4 Nd5 23. Nd6 Nc3 24. Qd2 Be6 25. Qf2 Qb6 26. Bd2 cxd3 27. cxd3 b4 28. Nc4
Bxc4 29. dxc4 Qc5 30. Bxc3 bxc3 31. Bd5 Rb2 32. Re2 Rxe2 33. Qxe2 d3+ 34. Qf2
Qb4 35. Qd4 d2 36. Be4 Qb2 37. Rf1 Rc8 38. Qd3 Bf8 39. f5 Qb6+ 40. Kh1 Rd8 41.
Bd5 gxf5 42. Qxf5 Qg6 43. Bxf7+ Kh8 44. Bxg6 d1=Q 45. Bh5 Bg7 46. Bxd1 1-0

[Event "FIDE World Bl Team Pool C"]
[Site "London ENG"]
[Date "2025.06.14"]
[Round "4.6"]
[White "Mihailidou, Magdalini"]
[Black "Kiritshenko, Platon"]
[Result "0-1"]
[WhiteElo "1922"]
[BlackElo "1587"]
[WhiteTeam "Chess Rising Stars"]
[BlackTeam "OlalaStars"]
[WhiteFideId "25801236"]
[BlackFideId "4522010"]
[EventDate "2025.06.14"]
[EventType "team"]

1. e4 c5 2. Nf3 g6 3. d4 cxd4 4. Qxd4 Nf6 5. e5 Nc6 6. Qa4 Nd5 7. Qe4 Ndb4 8. a3
d5 9. exd6 Bf5 10. Qxb4 Nxb4 11. axb4 Qxd6 12. Bb5+ Bd7 13. Bxd7+ Qxd7 14. O-O
Bg7 15. Na3 O-O 16. c3 Rfc8 17. Be3 Qf5 18. Rfd1 Rd8 19. Re1 e5 20. Nc4 e4 21.
Nd4 Qd5 22. Nd2 f5 23. Ra5 Qd7 24. N2b3 b6 25. Raa1 Qd5 26. Rad1 Rac8 27. Rd2
Be5 28. Nxf5 Qxb3 29. Ne7+ Kf7 30. Nxc8 Rxc8 31. Rd7+ Kg8 32. Bc1 Qa4 33. Re7
Bf6 34. R7xe4 Kf7 35. h3 Qd7 36. Be3 Qd3 37. Rf4 Kg7 38. Ra1 a6 39. Rf3 Qc4 40.
b3 Qxb3 41. Rxa6 Rc7 42. Rxb6 Be5 43. g3 Qd1+ 44. Kg2 Qd5 45. c4 Qe4 46. Re6 Rf7
47. Bf4 Qxc4 48. Bxe5+ Kf8 49. Bd6+ Kg8 50. Re8+ Kg7 51. Be5+ Kh6 52. Bf4+ g5
53. Be3 Qd5 54. Bxg5+ Kxg5 55. Re5+ Qxe5 56. Rxf7 Qe4+ 57. Kh2 Kg6 58. Rf4 Qb7
59. h4 Qb5 60. Kh3 Qd7+ 61. Kg2 Qd5+ 62. Kh2 h5 63. Kg1 Qd3 64. Kg2 Qb5 65. Kh2
Qd7 66. Kg2 Qd2 67. Kh2 Kg7 68. Kg2 Kg6 69. Kh2 Qd7 70. Kg2 Qb5 71. Rd4 Kf6 72.
Rf4+ Ke6 73. Kh2 Qf1 74. Re4+ Kd5 75. Rf4 Qd3 76. Kg2 Ke5 77. Kh2 Qf1 78. b5
Qxb5 0-1

[Event "FIDE World Bl Team Pool C"]
[Site "London ENG"]
[Date "2025.06.14"]
[Round "4.1"]
[White "Keymer, Vincent"]
[Black "Samadov, Read"]
[Result "1-0"]
[WhiteTitle "GM"]
[BlackTitle "IM"]
[WhiteElo "2730"]
[BlackElo "2522"]
[WhiteTeam "Germany and Friends"]
[BlackTeam "Rookies"]
[WhiteFideId "12940690"]
[BlackFideId "13417444"]
[EventDate "2025.06.14"]
[EventType "team"]

1. Nf3 Nf6 2. b3 c5 3. Bb2 Nc6 4. c4 g6 5. g3 Bg7 6. Bg2 O-O 7. O-O d6 8. d3 e5
9. Nc3 h6 10. a3 a5 11. Nd2 Be6 12. Nd5 Rb8 13. e3 h5 14. h3 Ne7 15. Nc3 Qd7 16.
Kh2 Nh7 17. f4 Nf5 18. Qe1 Rbe8 19. Nde4 Kh8 20. Qf2 Nh6 21. Nb5 Nf5 22. fxe5
dxe5 23. Nxc5 Qe7 24. Nxe6 fxe6 25. Qe2 Qg5 26. Rf3 h4 27. gxh4 Qxh4 28. e4 Nd4
29. Nxd4 exd4 30. Raf1 Rxf3 31. Qxf3 Ng5 32. Qg4 Qxg4 33. hxg4 Be5+ 34. Kg1 Kg7
35. Bc1 Nf7 36. g5 Rh8 37. Rf3 Rh4 38. Bh3 Nd8 39. Bd2 b6 40. c5 bxc5 41. Bxa5
Nf7 42. Bd2 Bd6 43. Bxe6 Ne5 44. Rf2 Nxd3 45. Rf7+ Kh8 46. Rd7 Bf4 47. Bxf4 Nxf4
48. Bc4 Rh3 49. a4 Re3 50. a5 Re1+ 51. Kf2 Ra1 52. a6 Nh3+ 53. Kg3 Nxg5 54. e5
Ne4+ 55. Kf4 Nd2 56. e6 Re1 57. a7 Re4+ 1-0

[Event "FIDE World Bl Team Pool C"]
[Site "London ENG"]
[Date "2025.06.14"]
[Round "4.2"]
[White "Sapenov, Daniyal"]
[Black "Svane, Frederik"]
[Result "0-1"]
[WhiteTitle "IM"]
[BlackTitle "GM"]
[WhiteElo "2405"]
[BlackElo "2667"]
[WhiteTeam "Rookies"]
[BlackTeam "Germany and Friends"]
[WhiteFideId "13728911"]
[BlackFideId "12923044"]
[EventDate "2025.06.14"]
[EventType "team"]

1. d4 Nf6 2. c4 e6 3. Nf3 d5 4. g3 Bb4+ 5. Bd2 Bd6 6. Bg2 O-O 7. O-O Nbd7 8. Bc3
b6 9. Nbd2 Bb7 10. Rc1 a5 11. Qc2 Ne4 12. Nxe4 dxe4 13. Ne5 f5 14. Rfd1 Bxe5 15.
dxe5 Qe7 16. b3 Rfd8 17. Qb2 Nc5 18. Bd4 Na6 19. h4 Rd7 20. Be3 h6 21. Rxd7 Qxd7
22. c5 Nxc5 23. Bxc5 bxc5 24. Rxc5 Rd8 25. Qc2 Qd1+ 26. Bf1 Qe1 27. Qc3 Rd2 28.
Kg2 e3+ 29. f3 Qf2+ 0-1

[Event "FIDE World Bl Team Pool C"]
[Site "London ENG"]
[Date "2025.06.14"]
[Round "4.3"]
[White "Kollars, Dmitrij"]
[Black "Royal, Shreyas"]
[Result "1/2-1/2"]
[WhiteTitle "GM"]
[BlackTitle "GM"]
[WhiteElo "2633"]
[BlackElo "2492"]
[WhiteTeam "Germany and Friends"]
[BlackTeam "Rookies"]
[WhiteFideId "12909572"]
[BlackFideId "448869"]
[EventDate "2025.06.14"]
[EventType "team"]

1. e4 c6 2. Nf3 d5 3. Nc3 dxe4 4. Nxe4 Nf6 5. Qe2 Nxe4 6. Qxe4 Be6 7. b3 Nd7 8.
Bb2 Bd5 9. Qe3 Nf6 10. Ne5 Qd6 11. O-O-O g6 12. Re1 Bg7 13. Nc4 Qe6 14. f3 Qxe3
15. Rxe3 Be6 16. Bd3 O-O 17. Rhe1 Nd5 18. Bxg7 Kxg7 19. Re5 Rfd8 20. Bf1 a5 21.
a3 b5 22. Nb2 Rac8 23. g3 h5 24. h4 Bf5 25. Bd3 Bxd3 26. Nxd3 c5 27. Nb2 e6 28.
a4 bxa4 29. Nxa4 c4 30. bxc4 Rxc4 31. R5e4 Rdc8 32. Rxc4 Rxc4 33. Nb2 Rc6 34. c3
Kf6 35. Kc2 Nb4+ 36. Kb3 Na6 37. Ra1 Nc5+ 38. Kc2 Ra6 39. d4 Nb7 40. Kd3 Ke7 41.
Na4 Nd6 42. g4 hxg4 43. fxg4 Ra8 44. Nc5 Rh8 45. Rxa5 Rxh4 46. g5 Rh3+ 47. Kc2
Rg3 48. Ra7+ Kf8 49. Rd7 Nb5 50. Ne4 Rg4 51. Nf6 Rg2+ 52. Kb3 Rxg5 53. Rb7 Nd6
54. Rd7 Nf5 55. Nh7+ Ke8 56. Rxf7 Rg3 57. Ra7 Nxd4+ 58. Kc4 Nc6 59. Nf6+ Kf8 60.
Nh7+ Ke8 61. Nf6+ Kf8 62. Nh7+ Ke8 63. Nf6+ 1/2-1/2

[Event "FIDE World Bl Team Pool C"]
[Site "London ENG"]
[Date "2025.06.14"]
[Round "4.4"]
[White "Akhilbay, Imangali"]
[Black "Donchenko, Alexander"]
[Result "1-0"]
[WhiteTitle "FM"]
[BlackTitle "GM"]
[WhiteElo "2385"]
[BlackElo "2613"]
[WhiteTeam "Rookies"]
[BlackTeam "Germany and Friends"]
[WhiteFideId "13734857"]
[BlackFideId "24603295"]
[EventDate "2025.06.14"]
[EventType "team"]

1. e4 c6 2. Nf3 d5 3. Nc3 dxe4 4. Nxe4 Nf6 5. Qe2 Nxe4 6. Qxe4 Nd7 7. Bc4 Nf6 8.
Ne5 e6 9. Qe2 b5 10. Bd3 Qc7 11. a4 Bd6 12. Nxc6 b4 13. Nd4 a6 14. Nf5 Bb7 15.
Nxd6+ Qxd6 16. O-O h5 17. Qe3 h4 18. h3 Rd8 19. b3 Nd5 20. Qf3 Ba8 21. Bb2 Nf6
22. Qe3 Qc6 23. f3 Rh5 24. Rae1 Nd5 25. Qd4 g6 26. Qg7 Ke7 27. Bxg6 Qc5+ 28. d4
Qb6 29. Qxf7+ Kd6 30. Rxe6# 1-0

[Event "FIDE World Bl Team Pool C"]
[Site "London ENG"]
[Date "2025.06.14"]
[Round "4.5"]
[White "Wagner, Dinara"]
[Black "Nurman, Alua"]
[Result "1-0"]
[WhiteTitle "IM"]
[BlackTitle "WGM"]
[WhiteElo "2404"]
[BlackElo "2339"]
[WhiteTeam "Germany and Friends"]
[BlackTeam "Rookies"]
[WhiteFideId "24157570"]
[BlackFideId "13729390"]
[EventDate "2025.06.14"]
[EventType "team"]

1. d4 Nf6 2. c4 g6 3. Nc3 Bg7 4. e4 d6 5. Nf3 O-O 6. Be2 e5 7. d5 a5 8. Be3 Ng4
9. Bg5 f6 10. Bh4 g5 11. Bg3 Nh6 12. Nd2 Na6 13. f3 f5 14. h3 Nc5 15. Bf2 b6 16.
Qc2 fxe4 17. fxe4 Bd7 18. Be3 Qe7 19. O-O-O Kh8 20. Nf3 Nf7 21. Nh2 Kg8 22. Bg4
Nh8 23. Bxd7 Nxd7 24. Nf1 Ng6 25. Ng3 Nh4 26. Kb1 Nc5 27. Rdf1 h6 28. Qe2 a4 29.
Qc2 Rf4 30. Bxc5 bxc5 31. Nxa4 Rff8 32. Nc3 Rab8 33. Nb5 Qd7 34. Qe2 c6 35. dxc6
Qxc6 36. Qd3 Rbd8 37. Qe2 Rf4 38. a3 Rdf8 39. Nc3 Rb8 40. Nd5 Qb7 41. Nh5 Rxe4
42. Nhf6+ Bxf6 43. Nxf6+ Kh8 44. Nxe4 Qb3 45. Qc2 Qxa3 46. Rf6 Kg7 47. Rhf1 Qa7
48. Nxd6 Qa5 49. Rf7+ 1-0

[Event "FIDE World Bl Team Pool C"]
[Site "London ENG"]
[Date "2025.06.14"]
[Round "4.6"]
[White "Dauren, Darmen"]
[Black "Lobkin, Bohdan"]
[Result "0-1"]
[WhiteElo "2008"]
[BlackElo "1900"]
[WhiteTeam "Rookies"]
[BlackTeam "Germany and Friends"]
[WhiteFideId "13755579"]
[BlackFideId "34115552"]
[EventDate "2025.06.14"]
[EventType "team"]

1. d4 Nf6 2. Bg5 Ne4 3. Bf4 d5 4. Nd2 Nd6 5. e3 Bf5 6. Ngf3 e6 7. c3 Nd7 8. Qb3
c5 9. Ne5 c4 10. Qd1 f6 11. Nxd7 Qxd7 12. f3 Bg6 13. Be2 Be7 14. O-O O-O 15.
Bxd6 Bxd6 16. e4 b5 17. a3 Bf4 18. exd5 Qxd5 19. g3 Be3+ 20. Kg2 e5 21. Ne4 exd4
22. cxd4 Qxd4 23. Qxd4 Bxd4 24. Rab1 Rad8 25. a4 a6 26. b3 f5 27. Ng5 Bf6 28.
Nh3 f4 29. Rbd1 fxg3 30. hxg3 cxb3 31. axb5 b2 32. Bc4+ Kh8 33. Ba2 axb5 34. Nf4
Bc2 35. Rde1 b4 36. Bb1 Bxb1 37. Rxb1 Rd2+ 38. Kh3 Bc3 39. Kg4 g6 40. Rh1 Kg8
41. Rh6 Rfd8 42. Rhh1 R2d4 43. Kg5 Rf8 44. Kg4 Kg7 45. Kh3 Rdxf4 46. gxf4 Rxf4
47. Kg3 Rd4 48. Kf2 h5 49. Ke3 Kf6 50. Rh2 Rd5 51. f4 Kf5 52. Rg2 Kf6 53. Ke4
Rd4+ 54. Ke3 Rd6 55. Rbg1 Kf7 56. f5 gxf5 57. Kf4 Ra6 58. Rb1 Kf6 59. Rg5 Bd2+ 0-1

[Event "FIDE World Bl Team Pool C"]
[Site "London ENG"]
[Date "2025.06.14"]
[Round "4.1"]
[White "Gan-Erdene, Sugar"]
[Black "Tan, Justin2"]
[Result "1-0"]
[WhiteTitle "IM"]
[BlackTitle "GM"]
[WhiteElo "2454"]
[BlackElo "2512"]
[WhiteTeam "Mongolia-B"]
[BlackTeam "Wood Green Youth"]
[WhiteFideId "4902980"]
[BlackFideId "3206882"]
[EventDate "2025.06.14"]
[EventType "team"]

1. e4 c5 2. Nf3 Nc6 3. d4 cxd4 4. Nxd4 e5 5. Nb5 d6 6. a4 a6 7. N5c3 Nf6 8. Na3
Be6 9. Nc4 Rc8 10. Be3 Nd4 11. Bxd4 Bxc4 12. Bxc4 Rxc4 13. Be3 Qc8 14. Qd3 h6
15. O-O Be7 16. f3 O-O 17. a5 Qc6 18. Nd5 Nxd5 19. exd5 Qc8 20. c3 f5 21. Rac1
Bd8 22. b3 Rh4 23. Bf2 Rh5 24. b4 Bg5 25. Rc2 Bf4 26. g3 Bg5 27. Qe2 g6 28. Kg2
e4 29. f4 Bf6 30. c4 Re8 31. Be3 Qd7 32. Rd1 Qf7 33. c5 dxc5 34. bxc5 g5 35. c6
bxc6 36. dxc6 gxf4 37. Bxf4 Bg5 38. Rd7 Qg6 39. Bxg5 Rxg5 40. Qc4+ Kh8 41. Qd4+
Kg8 42. c7 f4 43. c8=Q Rxg3+ 44. hxg3 Qxg3+ 45. Kf1 Qf3+ 46. Ke1 Qg3+ 47. Qf2
Qg6 48. Qc4+ Kh8 49. Qfd4+ 1-0

[Event "FIDE World Bl Team Pool C"]
[Site "London ENG"]
[Date "2025.06.14"]
[Round "4.2"]
[White "Derakhshani, Borna"]
[Black "Bilguun, Sumiya"]
[Result "1/2-1/2"]
[WhiteTitle "FM"]
[BlackTitle "GM"]
[WhiteElo "2348"]
[BlackElo "2451"]
[WhiteTeam "Wood Green Youth"]
[BlackTeam "Mongolia-B"]
[WhiteFideId "12518450"]
[BlackFideId "4901541"]
[EventDate "2025.06.14"]
[EventType "team"]

1. e4 c5 2. Nf3 e6 3. d4 cxd4 4. Nxd4 a6 5. Bd3 g6 6. h4 Bg7 7. c3 h6 8. h5 g5
9. Qe2 d6 10. Be3 Nf6 11. g3 Nc6 12. f4 e5 13. Nxc6 bxc6 14. fxg5 Ng4 15. gxh6
Bxh6 16. Bxh6 Rxh6 17. Nd2 Qg5 18. Nf3 Qe3 19. Qxe3 Nxe3 20. Kd2 Ng4 21. Rh4 Ke7
22. Rf1 Bd7 23. Bc4 f6 24. Nh2 Nxh2 25. Rxh2 a5 26. Be2 Rg8 27. Rg1 d5 28. g4
dxe4 29. Ke3 Bf5 30. Rf2 Be6 31. b3 Rxh5 32. Kxe4 Rh3 33. Bf3 Bd5+ 34. Ke3 e4
35. c4 f5 36. cxd5 cxd5 37. Kf4 exf3 38. Kxf5 Kd6 39. g5 d4 40. Kg4 Rhh8 41.
Rxf3 Rxg5+ 42. Kxg5 Rg8+ 43. Kf4 Rxg1 44. Ke4 Rd1 45. Rf5 a4 46. Rd5+ Kc6 47.
Rxd4 Rxd4+ 48. Kxd4 axb3 49. axb3 Kb5 50. Kc3 Kc5 51. b4+ Kb5 1/2-1/2

[Event "FIDE World Bl Team Pool C"]
[Site "London ENG"]
[Date "2025.06.14"]
[Round "4.3"]
[White "Batkhuyag, Munguntuul"]
[Black "Haydon, David L"]
[Result "0-1"]
[WhiteTitle "IM"]
[BlackTitle "FM"]
[WhiteElo "2356"]
[BlackElo "2284"]
[WhiteTeam "Mongolia-B"]
[BlackTeam "Wood Green Youth"]
[WhiteFideId "4900758"]
[BlackFideId "415405"]
[EventDate "2025.06.14"]
[EventType "team"]

1. e4 Nf6 2. e5 Nd5 3. d4 d6 4. Nf3 Bf5 5. Be2 e6 6. O-O Be7 7. a3 c6 8. c4 Nc7
9. exd6 Bxd6 10. Nc3 O-O 11. Bg5 Be7 12. Be3 Nd7 13. Re1 Nb6 14. Rc1 h6 15. h3
Bh7 16. Ne5 Nd7 17. Nf3 Nf6 18. Qd2 Rc8 19. Rcd1 Nce8 20. Qc1 Nd6 21. Ne5 Nde4
22. b4 a5 23. Qb2 Qc7 24. Bf3 Nd6 25. Bf4 Qd8 26. Na4 axb4 27. axb4 Ra8 28. Nc5
Qc8 29. Rc1 Rd8 30. b5 cxb5 31. cxb5 Qb8 32. b6 Nf5 33. Red1 Nd5 34. Bh2 Bd6 35.
Bxd5 exd5 36. Kh1 Ra5 37. Ncd7 Qa8 38. Qb3 f6 39. Rc7 fxe5 40. Nxe5 Ne7 41. Qf3
Rf8 42. Qe3 Ra1 43. Rcc1 Rxc1 44. Rxc1 Nf5 45. Qb3 Ne7 46. Bg3 Qd8 47. Kg1 Bf5
48. Bh4 g5 49. Bg3 Be6 50. Qb1 Nf5 51. Bh2 Qf6 52. Rd1 Nxd4 53. Qg6+ Qxg6 54.
Nxg6 Bxh2+ 55. Kxh2 Rf6 56. Ne7+ Kf7 57. Nxd5 Bxd5 58. Rxd4 Bc6 59. Kg3 Re6 60.
h4 Kg6 61. hxg5 hxg5 62. f4 gxf4+ 63. Rxf4 Re2 64. Rg4+ Kf5 65. Kh3 Ke5 66. Rg5+
Kf4 67. Rg4+ Ke3 68. Rg6 Kf2 69. g4 Re1 70. Rf6+ Bf3 71. Kh4 Rh1+ 72. Kg5 Rg1
73. Rf4 Ke3 74. Kf5 Rc1 75. Rb4 Rc5+ 76. Kf6 Be4 77. g5 Rf5+ 78. Ke6 Rxg5 79.
Kd6 Rd5+ 80. Kc7 Rd3 81. Rxe4+ Kxe4 82. Kxb7 Kd5 83. Kc7 Rc3+ 84. Kb8 Kc6 85. b7
Rb3 86. Ka8 Ra3+ 87. Kb8 Rh3 88. Ka8 Ra3+ 89. Kb8 Kb6 90. Kc8 Rc3+ 91. Kb8 Rh3
92. Ka8 Ra3+ 93. Kb8 Ra7 0-1

[Event "FIDE World Bl Team Pool C"]
[Site "London ENG"]
[Date "2025.06.14"]
[Round "4.4"]
[White "Balaji, Aaravamudhan"]
[Black "Mungunzul, Bat-Erdene"]
[Result "1/2-1/2"]
[WhiteTitle "IM"]
[BlackTitle "WCM"]
[WhiteElo "2346"]
[BlackElo "2337"]
[WhiteTeam "Wood Green Youth"]
[BlackTeam "Mongolia-B"]
[WhiteFideId "436224"]
[BlackFideId "4902831"]
[EventDate "2025.06.14"]
[EventType "team"]

1. d4 d5 2. c4 c6 3. cxd5 cxd5 4. Bf4 Nf6 5. e3 Nc6 6. Nc3 a6 7. Bd3 e6 8. Nf3
Bd6 9. Bxd6 Qxd6 10. O-O b5 11. e4 dxe4 12. Nxe4 Nxe4 13. Bxe4 Bb7 14. Ne5 O-O
15. Rc1 Rac8 16. Qh5 f5 17. Bxc6 Bxc6 18. Qh4 Bd5 19. a3 Be4 20. Nf3 Bxf3 21.
gxf3 Rcd8 22. Rfd1 Rf6 23. Kh1 Rdf8 24. Rc3 Rh6 25. Qg3 f4 26. Qg5 Rf5 27. Rc8+
Kf7 28. Qg2 Rfh5 29. Rdc1 Rxh2+ 30. Qxh2 Rxh2+ 31. Kxh2 Qxd4 32. Kg2 Qxb2 33.
R1c7+ Kg6 34. Rc6 Qxa3 35. Rxe6+ Kf7 36. Re4 Qd6 37. Rce8 a5 38. R8e5 b4 39.
Rxf4+ Kg6 40. Rg4+ Kf6 41. Rxa5 Qb6 42. Ra2 b3 43. Rb2 h5 44. Rf4+ Kg5 45. Re4
Kh6 46. Re3 Qg6+ 47. Kf1 Qa6+ 48. Kg2 Qg6+ 49. Kf1 h4 50. f4 Qa6+ 51. Kg2 Qc6+
52. Kh2 Qf6 53. Rbxb3 Qxf4+ 54. Kg2 g5 55. Kg1 Kh5 56. Rf3 Qg4+ 57. Kh2 Qc4 58.
Rfc3 Qf4+ 59. Kg2 Kg4 60. Kg1 Qd2 61. Kg2 Qd5+ 62. Kg1 Kh5 63. Rd3 Qa5 64. Ra3
Qf5 65. Rf3 Qb1+ 66. Kh2 Qb8+ 67. Kg1 Qb4 68. Rab3 Qg4+ 69. Kh2 Qc4 70. Rbc3 Qe6
71. Rce3 Qd6+ 72. Kg1 g4 73. Rf5+ Kg6 74. Rfe5 Kf6 75. R5e4 h3 76. Re1 Kf5 77.
R4e3 Qd5 78. Rg3 Kf4 79. Rf1 Qd4 80. Kh2 Qd2 81. Kg1 Qe2 82. Re3 Qc4 83. Ree1
Qc2 84. Re3 Qh7 85. Rfe1 Qb7 86. Rg3 Qb2 87. Rf1 Qe2 88. Rc1 Kf5 89. Rc5+ Kf4
90. Rc1 Qb5 91. Re1 Qd5 92. Kh2 Qd2 93. Rf1 Qe2 94. Rgg1 Kg5 95. Kh1 Kh4 96. Kh2
Qc4 97. Kh1 Qe2 98. Kh2 Kg5 99. Kh1 Kf4 100. Kh2 Kf5 101. Kh1 Kg5 102. f3 Kh4
103. Rxg4+ Kh5 104. Rgg1 h2 105. Rg2 Qxf1+ 106. Kxh2 Qxf3 107. Kg1 Kh4 108. Rh2+
Kg4 109. Rg2+ Kh5 110. Rh2+ Kg4 111. Rg2+ Kh4 112. Rh2+ Kg5 113. Rg2+ Kh5 114.
Rh2+ Kg4 115. Rg2+ Kh3 116. Rh2+ Kg3 117. Rh3+ Kxh3 1/2-1/2

[Event "FIDE World Bl Team Pool C"]
[Site "London ENG"]
[Date "2025.06.14"]
[Round "4.5"]
[White "Sodbilegt, Naranbold"]
[Black "Camp, Imogen A L"]
[Result "1-0"]
[WhiteTitle "FM"]
[BlackTitle "WCM"]
[WhiteElo "2363"]
[BlackElo "1915"]
[WhiteTeam "Mongolia-B"]
[BlackTeam "Wood Green Youth"]
[WhiteFideId "4903528"]
[BlackFideId "1802240"]
[EventDate "2025.06.14"]
[EventType "team"]

1. d4 d5 2. c4 e6 3. Nc3 Nf6 4. e3 c6 5. Nf3 Bd6 6. Qc2 O-O 7. Bd3 Nbd7 8. O-O
dxc4 9. Bxc4 b5 10. Be2 a6 11. Ng5 h6 12. Nge4 Nxe4 13. Nxe4 Be7 14. Qxc6 Ra7
15. Qc2 Rc7 16. Qd1 Bb7 17. Bf3 Qa8 18. Nd2 Nf6 19. Bxb7 Qxb7 20. Nf3 Qe4 21.
Bd2 Rc2 22. Rb1 b4 23. Ne5 Bd6 24. f3 Qh7 25. e4 Rc7 26. Qe2 a5 27. Rbc1 Rfc8
28. Rxc7 Rxc7 29. Rc1 g5 30. Rxc7 Bxc7 31. Qc4 Bxe5 32. Qc8+ Kg7 33. dxe5 Ng8
34. Be3 g4 35. Bc5 gxf3 36. Qf8+ Kg6 37. gxf3 Kh5 38. Kf2 Qg6 39. Be3 Kh4 40.
Bf4 Kh3 41. Bg3 h5 42. Qd8 f6 43. Qd1 1-0

[Event "FIDE World Bl Team Pool C"]
[Site "London ENG"]
[Date "2025.06.14"]
[Round "4.6"]
[White "Ivanov, Elizabeth"]
[Black "Enkhbayar, Genden"]
[Result "1-0"]
[WhiteElo "1738"]
[BlackElo "1837"]
[WhiteTeam "Wood Green Youth"]
[BlackTeam "Mongolia-B"]
[WhiteFideId "427284"]
[BlackFideId "4928415"]
[EventDate "2025.06.14"]
[EventType "team"]

1. e4 e5 2. Nf3 Nc6 3. Bb5 a6 4. Ba4 Nf6 5. O-O b5 6. Bb3 d6 7. Re1 Na5 8. c3
Nxb3 9. axb3 Bg4 10. d4 Be7 11. Bg5 h6 12. Bh4 O-O 13. Bg3 Nh5 14. dxe5 Nxg3 15.
hxg3 Bxf3 16. Qxf3 dxe5 17. Rd1 Bd6 18. c4 Qg5 19. Nc3 f5 20. cxb5 fxe4 21. Qxe4
Qf6 22. Rf1 Bc5 23. Qe2 axb5 24. Rxa8 Rxa8 25. Qxb5 Bb6 26. Qd5+ Kh7 27. Qxa8
Qg6 28. Qe4 Qxe4 29. Nxe4 Kg6 30. Rc1 Kf5 31. Rc4 Bd4 32. Nc3 c5 33. b4 cxb4 34.
Rxb4 g5 35. Ne2 Bc5 36. g4+ Ke6 37. Rb5 Kd5 38. Nc3+ Kc4 39. Rb7 Bd4 40. Ne2 e4
41. Nxd4 Kxd4 42. Rc7 Kd3 43. b4 1-0